Countries That Start With A - Statistics

General Stats
  • This quiz has been taken 29 times
  • The average score is 9 of 11
Answer Stats
Answer % Correct
Azerbaijan
100%
Australia
93%
Austria
93%
Algeria
85%
Armenia
85%
Albania
81%
Angola
81%
Andorra
78%
Afghanistan
74%
Argentina
74%
Antigua
70%
No matching quizzes found
Score Distribution
Percent of People with Each Score
Percentile by Number Answered
Your Score History
You have not taken this quiz